| 000 | 01811nam a2200241Ii 4500 | ||
|---|---|---|---|
| 003 | JO-AjNU | ||
| 005 | 20240623131108.0 | ||
| 008 | 230605s9999||||xx |||||||||||||| ||und|| | ||
| 040 |
_aJO-AjNU _bara _erda _cJO-AjNU |
||
| 041 | _aara | ||
| 100 |
_aعبيدات، هدى عوني عبد الرحمن _964641 _eمعد |
||
| 245 | 0 | 1 |
_aالإفصاح البيني في التقارير المالية السنوية للشركات المساهمة العامة الصناعية الأردنية ومحدداته : دراسة تحليلية =Disclosure of Environmental Information in the Annual Reports of Jordanian Manufacturing Companies and its Determinants : An Analytical. Study / _cاعداد هدى عوني عبد الرحمن عبيدات ؛ اشراف ميشيل سويدان |
| 260 | _c2011 | ||
| 300 | _a106ورقة | ||
| 336 |
_atext _btxt _2rdacontent |
||
| 337 |
_aunmediated _bn _2rdamedia |
||
| 338 |
_avolume _bnc _2rdacarrier |
||
| 500 | _aرسالة جامعية (ماجستير في المحاسبة).- جامعة اليرموك (إربد، الأردن) ، كلية الاقتصاد والعلوم الادارية، قسم المحاسبة، 2009. ببليوجرافيا : ص. 166-177. يتضمن ملخص باللغتين العربية والإنجليزية. تتضمن ملاحق. | ||
| 504 | _aسالة جامعية (ماجستير).- جامعة اليرموك (إربد، الأردن)، كلية الإقتصاد والعلوم الإدارية، قسم المحاسبة، 2011 ببليوجرافيا : ص. 95-100 تتضمن ملخصا باللغتين العربية والانجليزية. | ||
| 650 | 7 | 0 |
_aالافصاح البيئي - الشركات المساهمة العامة - الاردن _964639 |
| 700 |
_aسويدان، ميشيل _964640 |
||
| 942 |
_2lcc _cTHS |
||
| 999 |
_c33034 _d33034 |
||